Bronx primitive : (Record no. 9499)
[ view plain ]
| 000 -LEADER | |
|---|---|
| fixed length control field | 00561cam a2200193 a 4500 |
| 001 - CONTROL NUMBER | |
| control field | 899892 |
| 005 - DATE AND TIME OF LATEST TRANSACTION | |
| control field | 20260422143601.0 |
| 008 - FIXED-LENGTH DATA ELEMENTS--GENERAL INFORMATION | |
| fixed length control field | 811112s1982 nyu 000 0aeng |
| 020 ## - INTERNATIONAL STANDARD BOOK NUMBER | |
| International Standard Book Number | 0670192392 |
| 020 ## - INTERNATIONAL STANDARD BOOK NUMBER | |
| International Standard Book Number | 9780670192397 |
| 050 00 - LIBRARY OF CONGRESS CALL NUMBER | |
| Classification number | F128.9.J5 |
| Item number | S57 1982 |
| 082 00 - DEWEY DECIMAL CLASSIFICATION NUMBER | |
| Classification number | 974.7/27504/0924 |
| -- | B |
| Edition information | 19 |
| 100 1# - MAIN ENTRY--PERSONAL NAME | |
| Personal name | Simon, Kate. |
| 245 10 - TITLE STATEMENT | |
| Title | Bronx primitive : |
| Remainder of title | portraits in a childhood / |
| Statement of responsibility, etc. | Kate Simon. |
| 260 ## - PUBLICATION, DISTRIBUTION, ETC. | |
| Place of publication, distribution, etc. | New York : |
| Name of publisher, distributor, etc. | Viking Press, |
| Date of publication, distribution, etc. | 1982. |
| 300 ## - PHYSICAL DESCRIPTION | |
| Extent | 179 p. ; |
| Dimensions | 23 cm. |
| 650 #0 - SUBJECT ADDED ENTRY--TOPICAL TERM | |
| Topical term or geographic name entry element | Jews |
| Geographic subdivision | New York (State) |
| -- | New York |
| General subdivision | Biography. |
| 942 ## - ADDED ENTRY ELEMENTS (KOHA) | |
| Source of classification or shelving scheme | Library of Congress Classification |
| Koha item type | Books |
| Suppress in OPAC | No |
| 999 ## - | |
| -- | 9499 |
| -- | 9499 |
| Withdrawn status | Lost status | Source of classification or shelving scheme | Damaged status | Not for loan | Collection | Home library | Current library | Shelving location | Date acquired | Total checkouts | Full call number | Barcode | Date last seen | Price effective from | Koha item type |
|---|---|---|---|---|---|---|---|---|---|---|---|---|---|---|---|
| Library of Congress Classification | Non-fiction | Main Library (Kumasi) | Main Library (Kumasi) | General stacks | 04/22/2026 | F128.9.J5S57 SIM | bssk00000161 | 04/22/2026 | 04/22/2026 | Books |